Alang Rashid

Bibliographic Details
Main Author: Fatiqa Oky
Format: Book
Published: Selangor : Pustaka Emas , 2005
Series:Siri kehidupan bermasyarakat
Subjects:

MARC

LEADER 00000cam a2200000 7i4500
001 0000001352
005 20220105103920.0
008 070702
020 |a 9839675133(set) 
020 |a 9839675184 
090 0 0 |a JP   |b MAL (1065) 
100 0 |a Fatiqa Oky 
245 1 0 |a Alang Rashid   |c Fatiqa Oky 
260 |a Selangor :   |b Pustaka Emas ,   |c 2005 
440 |a Siri kehidupan bermasyarakat 
500 |a Children age 4-6 years old (yellow) 
650 0 |a Children stories, Malay 
999 |a 0000959346   |b Book   |c Children Collection   |e Cawangan Sri Merlong 
999 |a 0000959347   |b Book   |c Children Collection   |e Cawangan Taman Universiti 
999 |a 0000959349   |b Book   |c Children Collection   |e Perbadanan Perpustakaan Awam Johor 
999 |a 0000959350   |b Book   |c Children Collection   |e Perbadanan Perpustakaan Awam Johor 
999 |a 0000986634   |b Book   |c Children Collection   |e Cawangan Bandar Penawar 
999 |a 0000986636   |b Book   |c Children Collection   |e Cawangan Taman Universiti 
999 |a 0001077068   |b Book   |c Children Collection   |e Cawangan Tangkak